[Event "XXIV Torneo Magistral Internacional de Elgoibar"]
[Site "Elgoibar"]
[Date "2014.12.17"]
[Round "6"]
[Board "5"]
[White "Buscara, Sevan"]
[Black "Teran Alvarez, Ismael"]
[Result "1/2-1/2"]
[WhiteElo "2376"]
[BlackElo "2427"]
[PlyCount "33"]
[EventDate "2014.12.13"]
[EventRounds "9"]
[EventCountry "ESP"]

1. g3 c5 2. Bg2 Nc6 3. c4 g6 4. Nf3 Bg7 5. O-O e6 6. Nc3 Nge7 7. d3 O-O 8. Bf4
d6 9. Qc1 Nf5 10. Re1 a6 11. Ne4 e5 12. Bg5 f6 13. Bd2 Rb8 14. Rb1 Nfe7 15. a3
b5 16. cxb5 axb5 17. h4 {(Ilegibles)} 1/2-1/2

[Event "XXIV Torneo Magistral Internacional de Elgoibar"]
[Site "Elgoibar"]
[Date "2014.12.17"]
[Round "7"]
[Board "2"]
[White "Spraggett, Kevin"]
[Black "Buscara, Sevan"]
[Result "1-0"]
[WhiteElo "2561"]
[BlackElo "2376"]
[PlyCount "91"]
[EventDate "2014.12.13"]
[EventRounds "9"]
[EventCountry "ESP"]

1. c4 g6 2. g3 Bg7 3. Bg2 e5 4. Nc3 Ne7 5. d3 O-O 6. e4 d6 7. Nge2 Nbc6 8. O-O
Nd4 9. Nxd4 exd4 10. Ne2 f5 11. exf5 Nxf5 12. b4 g5 13. a4 c6 14. Bb2 Be6 15.
b5 Qd7 16. bxc6 bxc6 17. Qc2 Rab8 18. Ba3 c5 19. Bc1 h6 20. Bd2 Rbe8 21. Rae1
d5 22. cxd5 Bxd5 23. Bxd5+ Qxd5 24. Nc1 Rb8 25. Re2 Rb6 26. Rfe1 Kh7 27. Re8
Ne3 28. R1xe3 dxe3 29. Bxe3 Bd4 30. Bxd4 Qxd4 31. Re7+ Kh8 32. Re2 Rfb8 33. Qa2
Rb1 34. Re1 c4 35. Qe2 c3 36. Qf3 Qg7 37. Qc6 Rf8 38. Re6 Rxc1+ 39. Kg2 Rxf2+
40. Kxf2 Qd4+ 41. Kg2 Rg1+ 42. Kf3 g4+ 43. Ke2 Re1+ 44. Kxe1 Qg1+ 45. Ke2 Qxh2+
46. Kf1 1-0

[Event "XXIV Torneo Magistral Internacional de Elgoibar"]
[Site "Elgoibar"]
[Date "2014.12.17"]
[Round "7"]
[Board "3"]
[White "Etchegaray, Patrice"]
[Black "Astasio Lopez, David"]
[Result "1/2-1/2"]
[WhiteElo "2411"]
[BlackElo "2403"]
[PlyCount "75"]
[EventDate "2014.12.13"]
[EventRounds "9"]
[EventCountry "ESP"]

1. e4 c5 2. Nf3 e6 3. d4 cxd4 4. Nxd4 Nf6 5. Nc3 Nc6 6. Be2 Qc7 7. Be3 a6 8.
O-O b5 9. Nxc6 dxc6 10. f4 Bb7 11. e5 Rd8 12. Qe1 Nd5 13. Nxd5 cxd5 14. c3 Bc5
15. Bd4 Bxd4+ 16. cxd4 Qc2 17. Qf2 O-O 18. Bg4 Rc8 19. f5 Qxf2+ 20. Rxf2 exf5
21. Bxf5 Rc4 22. Rd1 Bc8 23. Bd3 Rc6 24. Rc2 Rxc2 25. Bxc2 Bg4 26. Rd2 Rc8 27.
Bb3 Be6 28. Rc2 Rxc2 29. Bxc2 Kf8 30. b4 h6 31. Kf2 Ke7 32. h4 g6 33. Ke3 Kd7
34. Kf4 Kc7 35. Bd1 Kc6 36. Be2 Kd7 37. g3 Kc7 38. a3 1/2-1/2

[Event "XXIV Torneo Magistral Internacional de Elgoibar"]
[Site "Elgoibar"]
[Date "2014.12.17"]
[Round "7"]
[Board "4"]
[White "Paunovic, Dragan"]
[Black "Almagro Llamas, Pablo"]
[Result "1-0"]
[WhiteElo "2472"]
[BlackElo "2487"]
[PlyCount "59"]
[EventDate "2014.12.13"]
[EventRounds "9"]
[EventCountry "ESP"]

1. Nf3 Nf6 2. g3 b6 3. Bg2 Bb7 4. c4 e6 5. O-O c5 6. Nc3 Be7 7. Re1 O-O 8. e4
d6 9. d4 cxd4 10. Nxd4 Qc8 11. Be3 a6 12. Rc1 Nbd7 13. f4 Rd8 14. b3 Nc5 15.
Bf2 Bf8 16. Qe2 e5 17. Nf5 exf4 18. b4 fxg3 19. Bxg3 Ncd7 20. Bxd6 Nb8 21. Nd5
Bxd5 22. cxd5 Qd7 23. Rc7 Qa4 24. e5 Ne8 25. Bxf8 Nxc7 26. Bxg7 Qxb4 27. d6 Ra7
28. Bf6 Rd7 29. Be4 Ne6 30. Rc1 1-0

[Event "XXIV Torneo Magistral Internacional de Elgoibar"]
[Site "Elgoibar"]
[Date "2014.12.17"]
[Round "7"]
[Board "5"]
[White "Barrenechea Bahamonde, Gustavo"]
[Black "Strikovic, Aleksa"]
[Result "1-0"]
[WhiteElo "2142"]
[BlackElo "2528"]
[PlyCount "37"]
[EventDate "2014.12.13"]
[EventRounds "9"]
[EventCountry "ESP"]

1. e4 c6 2. Nc3 d5 3. Nf3 Bg4 4. h3 Bxf3 5. Qxf3 e6 6. d4 dxe4 7. Nxe4 Qxd4 8.
Bd3 Nd7 9. Be3 Qd5 10. Bf4 Ne5 11. Bxe5 Qxe5 12. O-O-O Ne7 13. Ba6 Rd8 14. Bxb7
f5 15. Ng5 Rxd1+ 16. Rxd1 Qb5 17. Qe3 h6 18. Qxe6 hxg5 19. Bc8 1-0

[Event "XXIV Torneo Magistral Internacional de Elgoibar"]
[Site "Elgoibar"]
[Date "2014.12.18"]
[Round "8"]
[Board "1"]
[White "Gonzalez De La Torre, Santiago"]
[Black "Strikovic, Aleksa"]
[Result "0-1"]
[WhiteElo "2435"]
[BlackElo "2528"]
[PlyCount "82"]
[EventDate "2014.12.13"]
[EventRounds "9"]
[EventCountry "ESP"]

1. e4 d6 2. d4 Nf6 3. Nc3 e5 4. Nf3 Nbd7 5. Bc4 exd4 6. Nxd4 Nb6 7. Be2 Be7 8.
O-O O-O 9. a4 a5 10. f4 d5 11. e5 Ne4 12. Nxe4 dxe4 13. c3 Bc5 14. Kh1 Bxd4 15.
cxd4 f5 16. Ra3 Be6 17. g4 Qd7 18. gxf5 Bxf5 19. Rg3 Rad8 20. Rfg1 g6 21. Be3
Kg7 22. b3 Nd5 23. Bc1 e3 24. Bf3 Be6 25. Qc2 Rxf4 26. Rxg6+ hxg6 27. Qxg6+ Kh8
28. Bxe3 Qh7 29. Qxh7+ Kxh7 30. Bxf4 Nxf4 31. Bxb7 Rxd4 32. Rc1 c5 33. h4 Bd5+
34. Bxd5 Rxd5 35. Rf1 Rd4 36. e6 Nxe6 37. Rf6 Rxh4+ 38. Kg2 Nd4 39. Ra6 Nxb3
40. Kf3 Rxa4 41. Ke3 Rd4 0-1

[Event "XXIV Torneo Magistral Internacional de Elgoibar"]
[Site "Elgoibar"]
[Date "2014.12.18"]
[Round "8"]
[Board "2"]
[White "Almagro Llamas, Pablo"]
[Black "Barrenechea Bahamonde, Gustavo"]
[Result "1-0"]
[WhiteElo "2487"]
[BlackElo "2142"]
[PlyCount "65"]
[EventDate "2014.12.13"]
[EventRounds "9"]
[EventCountry "ESP"]

1. d4 g6 2. e4 Bg7 3. Nc3 c5 4. dxc5 Bxc3+ 5. bxc3 Nc6 6. Be3 Qa5 7. Qd2 Nf6 8.
f3 O-O 9. c4 Qa3 10. Ne2 b6 11. Nc3 bxc5 12. Bd3 d6 13. Rb1 Be6 14. Rb3 Qa5 15.
Nd5 Qxa2 16. O-O Bxd5 17. cxd5 Ne5 18. Qc3 Rfb8 19. Ra1 Rxb3 20. cxb3 Qxa1+ 21.
Qxa1 Nxd3 22. Qa6 Ne5 23. Qb7 Re8 24. Qxa7 Kg7 25. Bd2 Ng8 26. f4 Ng4 27. e5
N8h6 28. Qd7 Rb8 29. exd6 Nf6 30. Qxe7 Rxb3 31. d7 Rb1+ 32. Kf2 Nf5 33. Qxf6+
 1-0

[Event "XXIV Torneo Magistral Internacional de Elgoibar"]
[Site "Elgoibar"]
[Date "2014.12.18"]
[Round "8"]
[Board "3"]
[White "Astasio Lopez, David"]
[Black "Paunovic, Dragan"]
[Result "1/2-1/2"]
[WhiteElo "2403"]
[BlackElo "2472"]
[PlyCount "34"]
[EventDate "2014.12.13"]
[EventRounds "9"]
[EventCountry "ESP"]

1. d4 d6 2. Nf3 Nf6 3. Nc3 g6 4. e4 Bg7 5. Bc4 O-O 6. O-O Nxe4 7. Nxe4 d5 8.
Bd3 dxe4 9. Bxe4 Nd7 10. c3 Nf6 11. Bc2 Bg4 12. h3 Bxf3 13. Qxf3 c6 14. Re1 e6
15. Bg5 Qd5 16. Qxd5 cxd5 17. Bxf6 Bxf6 1/2-1/2

[Event "XXIV Torneo Magistral Internacional de Elgoibar"]
[Site "Elgoibar"]
[Date "2014.12.18"]
[Round "8"]
[Board "4"]
[White "Buscara, Sevan"]
[Black "Etchegaray, Patrice"]
[Result "1/2-1/2"]
[WhiteElo "2376"]
[BlackElo "2411"]
[PlyCount "22"]
[EventDate "2014.12.13"]
[EventRounds "9"]
[EventCountry "ESP"]

1. c4 g6 2. d4 Bg7 3. Nf3 d6 4. Nc3 Nf6 5. e4 O-O 6. Be2 e5 7. O-O Nc6 8. d5
Ne7 9. b4 Nh5 10. Re1 f5 11. exf5 gxf5 1/2-1/2

[Event "XXIV Torneo Magistral Internacional de Elgoibar"]
[Site "Elgoibar"]
[Date "2014.12.18"]
[Round "8"]
[Board "5"]
[White "Teran Alvarez, Ismael"]
[Black "Spraggett, Kevin"]
[Result "0-1"]
[WhiteElo "2427"]
[BlackElo "2561"]
[PlyCount "125"]
[EventDate "2014.12.13"]
[EventRounds "9"]
[EventCountry "ESP"]

1. e4 d5 2. exd5 Qxd5 3. Nc3 Qd6 4. d4 Nf6 5. Nf3 g6 6. g3 Bg7 7. Bg2 Qa6 8.
Ne2 O-O 9. O-O Rd8 10. Re1 c5 11. c3 Nc6 12. Bf4 Be6 13. Qc1 Bc4 14. Qc2 Bd3
15. Qd1 Be4 16. Qb3 Bd5 17. Qc2 cxd4 18. Nexd4 Nxd4 19. Nxd4 Bxg2 20. Kxg2 Nd5
21. Be3 Nxe3+ 22. Rxe3 e6 23. Nf3 Rd5 24. a3 Rad8 25. Rae1 b5 26. Qe4 Qb6 27.
h4 a5 28. R3e2 h6 29. Qf4 Qc6 30. Qe4 R8d6 31. Kg1 Qb6 32. Qf4 Rf5 33. Qe4 Qd8
34. Kg2 Rc5 35. Qe3 Rcd5 36. Qf4 Qc8 37. g4 Rc6 38. Kg1 Qb7 39. Re4 Rcd6 40.
R4e2 Rd8 41. Qe4 Qb8 42. Kg2 h5 43. g5 Rf5 44. Qc2 b4 45. axb4 axb4 46. cxb4
Qxb4 47. Re4 Qb7 48. b4 Rc8 49. Qd1 Rc3 50. R1e3 Rxe3 51. Rxe3 Qxb4 52. Qe2
Qg4+ 53. Kf1 Ra5 54. Rd3 Qh3+ 55. Kg1 Ra1+ 56. Rd1 Ra4 57. Nh2 Rxh4 58. f3 Qg3+
59. Qg2 Bd4+ 60. Kf1 Qe5 61. Rd2 Qb5+ 62. Qe2 Qxg5 63. Ke1 0-1